| 000 -LEADER |
| fixed length control field |
00381nam a22001457a 4500 |
| 003 - CONTROL NUMBER IDENTIFIER |
| control field |
OSt |
| 005 - DATE AND TIME OF LATEST TRANSACTION |
| control field |
20210702153812.0 |
| 008 - FIXED-LENGTH DATA ELEMENTS--GENERAL INFORMATION |
| fixed length control field |
210702b ||||| |||| 00| 0 eng d |
| 020 ## - INTERNATIONAL STANDARD BOOK NUMBER |
| International Standard Book Number |
9780865715523 |
| 082 ## - DEWEY DECIMAL CLASSIFICATION NUMBER |
| Classification number |
307.12 |
| 100 ## - MAIN ENTRY--PERSONAL NAME |
| Personal name |
Richard, |
| Dates associated with a name |
1943- |
| 245 ## - TITLE STATEMENT |
| Title |
Ecocities : rebuilding cities in balance with nature |
| 260 ## - PUBLICATION, DISTRIBUTION, ETC. (IMPRINT) |
| Place of publication, distribution, etc |
Island |
| Name of publisher, distributor, etc |
New Society Publishers; |
| Date of publication, distribution, etc |
2006 |
| 942 ## - ADDED ENTRY ELEMENTS (KOHA) |
| Source of classification or shelving scheme |
|